Guess The Brand! #44 - Statistics

General Stats
  • This quiz has been taken 19 times
    15 since last reset
  • The average score is 17 of 36
Answer Stats
Picture Answer % Correct
Babies R Us
70%
Clarks
70%
Elizabeth Taylor
70%
Evergreen
70%
Foxconn
70%
Opera
70%
After Effects
60%
Bogner
60%
Brooks
60%
Elle
60%
Fossil
60%
Progressive
60%
Tubi
60%
Acorn
50%
Alpinestars
50%
Autodesk
50%
Einhell Germany
50%
Emporio Armani
50%
Lightroom
50%
Flymo
40%
Garageband
40%
Melissa & Doug
40%
Premiere
40%
Woody Woodpecker
40%
Aquapac
30%
Archos
30%
Babymoov
30%
Ben Sherman
30%
Dermalogica
30%
Dreambox
30%
Edwin
30%
Final Cut Pro
30%
Galeria
30%
Keynote
30%
Numbers
30%
Pages
30%
No matching quizzes found
Score Distribution
Percent of People with Each Score
Percentile by Number Answered
Your Score History
You have not taken this quiz since the last reset